<?xml version="1.0" encoding="UTF-8"?>
<record
    xmlns:xsi="http://www.w3.org/2001/XMLSchema-instance"
    xsi:schemaLocation="http://www.loc.gov/MARC21/slim http://www.loc.gov/standards/marcxml/schema/MARC21slim.xsd"
    xmlns="http://www.loc.gov/MARC21/slim">

  <leader>00920nam0a22002531  4500</leader>
  <controlfield tag="001">RU\NLR\INFOCOMM\LIB\15347</controlfield>
  <controlfield tag="005">20250617205228.0</controlfield>
  <datafield tag="035" ind1=" " ind2=" ">
    <subfield code="a">(NLR Aleph) 004285587</subfield>
  </datafield>
  <datafield tag="090" ind1=" " ind2=" ">
    <subfield code="a">2406489</subfield>
    <subfield code="c">2406489</subfield>
  </datafield>
  <datafield tag="100" ind1=" " ind2=" ">
    <subfield code="a">20011206d1952    |||y0rusy50      ca</subfield>
  </datafield>
  <datafield tag="101" ind1="0" ind2=" ">
    <subfield code="a">fin</subfield>
  </datafield>
  <datafield tag="102" ind1=" " ind2=" ">
    <subfield code="a">RU</subfield>
  </datafield>
  <datafield tag="105" ind1=" " ind2=" ">
    <subfield code="a">y   ||||000ay</subfield>
  </datafield>
  <datafield tag="200" ind1="1" ind2=" ">
    <subfield code="a">Puhe Neuvostoliiton kommunistisen puolucen (holshevikit) XIX Edustajakokouksessa</subfield>
    <subfield code="e">Lokakuun 7 pn&#xE4; 1952</subfield>
    <subfield code="f">L.P.Berija</subfield>
  </datafield>
  <datafield tag="210" ind1=" " ind2=" ">
    <subfield code="a">Petroskoi</subfield>
    <subfield code="c">Karjalais-Suomalaisen SNT:n valtion kustannusliike</subfield>
    <subfield code="d">1952</subfield>
  </datafield>
  <datafield tag="215" ind1=" " ind2=" ">
    <subfield code="a">32&#x441;.</subfield>
    <subfield code="d">20&#x441;&#x43C;</subfield>
  </datafield>
  <datafield tag="300" ind1=" " ind2=" ">
    <subfield code="a">&#x41D;&#x430; &#x43E;&#x431;&#x43E;&#x440;&#x43E;&#x442;&#x435; &#x442;&#x438;&#x442;. &#x43B;.:&#x41B;.&#x41F;.&#x411;&#x435;&#x440;&#x438;&#x44F;.&#x420;&#x435;&#x447;&#x44C; &#x43D;&#x430; XIX &#x441;&#x44A;&#x435;&#x437;&#x434;&#x435; &#x412;&#x41A;&#x41F;(&#x431;)</subfield>
  </datafield>
  <datafield tag="700" ind1=" " ind2="1">
    <subfield code="4">070</subfield>
    <subfield code="7">ba</subfield>
    <subfield code="8">rus</subfield>
    <subfield code="a">Berija</subfield>
    <subfield code="b">L. P.</subfield>
    <subfield code="f">1899-1953</subfield>
    <subfield code="g">Lavrentij Pavlovi&#x10D;</subfield>
    <subfield code="9">260013</subfield>
    <subfield code="3">RU\NLR\AUTH\770260069</subfield>
  </datafield>
  <datafield tag="801" ind1=" " ind2="1">
    <subfield code="a">RU</subfield>
    <subfield code="b">InfoComm</subfield>
    <subfield code="c">20011206</subfield>
  </datafield>
  <datafield tag="801" ind1=" " ind2="0">
    <subfield code="a">RU</subfield>
    <subfield code="b">NLR</subfield>
    <subfield code="g">PSBO</subfield>
  </datafield>
  <datafield tag="852" ind1=" " ind2=" ">
    <subfield code="a">NLR</subfield>
    <subfield code="b">&#x41D;</subfield>
    <subfield code="j">&#x424;&#x438;&#x43D;/3-3675</subfield>
  </datafield>
  <datafield tag="942" ind1=" " ind2=" ">
    <subfield code="c">BOOK</subfield>
  </datafield>
  <datafield tag="980" ind1=" " ind2=" ">
    <subfield code="a">NB</subfield>
  </datafield>
  <datafield tag="995" ind1=" " ind2=" ">
    <subfield code="5">2013-10-26</subfield>
    <subfield code="b">NLR01</subfield>
    <subfield code="c">NLR01</subfield>
    <subfield code="e">IF</subfield>
    <subfield code="f">4285587-10</subfield>
    <subfield code="k">&#x41D; &#x424;&#x438;&#x43D;/3-3675</subfield>
    <subfield code="o">0</subfield>
    <subfield code="r">BOOK</subfield>
    <subfield code="s">_33675</subfield>
  </datafield>
</record>
